| 000 | 00792nam a2200229Ia 4500 | ||
|---|---|---|---|
| 008 | 191130s1997##################000#0#eng## | ||
| 020 | _a9789041106070 | ||
| 022 | _a97025740 | ||
| 040 |
_aACL _cACL |
||
| 082 | _a347.51 BRO | ||
| 100 | _aBrown, Ronald C | ||
| 245 |
_aUnderstanding Chinese courts and legal process : law with Chinese characteristics _cby Ronald C. Brown |
||
| 260 |
_aAlphen aan den Rijn, The Netherlands ; Frederick, MD _bKluwer Law International _cc1997 |
||
| 300 | _axxiii, 403 p. : ill. ; 24 cm | ||
| 500 | _aIncludes bibliographical references and index | ||
| 650 | _aCourts - China | ||
| 650 | _aJudicial process - China | ||
| 650 | _aJustice, Administration of - China | ||
| 990 | _a0626021cac10000c4193b79a58de7b89 | ||
| 991 | _a437020 | ||
| 999 |
_c85379 _d85379 |
||